| 000 | 01264nam a2200313 i 4500 | ||
|---|---|---|---|
| 003 | EG-GICUC | ||
| 005 | 20260121101223.0 | ||
| 008 | 251115s1999 ua ||||fr|||| 00| 0 ara d | ||
| 020 | _a977312018 | ||
| 040 |
_a EG-GICUC _bara _c EG-GICUC _d EG-GICUC _erda |
||
| 041 | 0 | _hara | |
| 082 | 0 | 4 |
_221 _a345.25 _bم ا . د |
| 092 | 0 | 4 | _221 |
| 099 | _aLaw1 07 345.25 م ا . د 1999 | ||
| 100 | 0 |
_aماهر جبر نضر _eمؤلف. |
|
| 245 | 1 | 0 |
_aدور الجماعات الإقليمية (في فرنسا) ووحدات الإدارة المحلية (في مصر) في مجال السياحة _cدكـتور ماهر جبر نضر. |
| 264 | 1 |
_aالقاهرة : _bدار النهضة العربية ، _c1999. |
|
| 300 |
_a275 صفحة ؛ _c24 سم. |
||
| 336 |
_2rda content _atext |
||
| 337 |
_2rda media _aComputer |
||
| 338 |
_2rda carrier _aOnline Resource |
||
| 504 | _aيشتمل على إرجاعات ببليوجرافية | ||
| 504 | _aببليوجرافيا صفحات : (258-267) | ||
| 546 | _aالنص أغلبه باللغة العربية مع بعض النصوص الإنجليزية | ||
| 650 | 1 | _aالقانون الإداري | |
| 856 | 4 | 0 | _uhttps://fll.law.cu.edu.eg/fulltext/bks/B07-00346.pdf |
| 905 | _a33 | ||
| 942 |
_2ddc _cBK _e21 _n0 |
||
| 999 |
_c43351 _d43351 |
||